000 00729nam a2200241#a 4500
001 02157
003 HDC
007 ta
008 230623s2012 xx 000 0 eng d
040 _aHDC
050 _aganu HC445.5
_b .L37 2012
245 0 _aLaporan ekonomi Negeri Terengganu /
_cUnit Perancang Ekonomi Negeri Terengganu.
264 _aTerengganu :
_bUnit Perancang Ekonomi Negeri Terengganu,
_c2012.
300 _a v. :
_b ill. ;
_c 30cm.
650 _aCorporations, Government
_zTerengganu
650 _aEconomic development.
650 _aTerengganu
_xEconomic conditions.
710 _aTerengganu.
_b Unit Perancang Ekonomi Negeri
942 _2lcc
942 _cBK
942 _kganu HC445.5
942 _m .L37 2012
999 _c23717
_d23717